Gaming Quiz

Random Gaming or Minecraft Quiz

Minecraft Blocks Quiz Stats

 Plays Quiz Updated Nov 13, 2018

Also try: Minecraft Crafting
Challenge
Share
Tweet
Score 0/25 Timer 04:00
4 Plays Today
% Correct
Dirt
96.2%
Sand
95.9%
Coal Ore
95.3%
Redstone Ore
90.3%
Diamond Ore
90.3%
Bedrock
90.1%
Pumpkin
90%
Furnace
89%
Gravel
86.4%
Cobblestone
84.5%
Clay
80.6%
Soul Sand
80.3%
Bookshelf
80.2%
% Correct
Crafting Table
78.2%
Glass
78%
Brick Block
77.9%
Wooden Plank
77.9%
Gold Ore
76.8%
Iron Ore
75.8%
Ice
74.1%
Glowstone
73.9%
Moss Stone
69.1%
Netherrack
65.4%
Lapis Lazuli Ore
63%
Mycelium
45.6%

You're not logged in!

Compare scores with friends on all Sporcle quizzes.
OR
Log In

You Might Also Like...

Show Comments

Extras

Top Quizzes Today


Score Distribution

Your Account Isn't Verified!

In order to create a playlist on Sporcle, you need to verify the email address you used during registration. Go to your Sporcle Settings to finish the process.

Report this User

Report this user for behavior that violates our Community Guidelines.

Details: